Wykonawcy muzyczni na literę T - Statystyki

Ogólne statystyki
  • Ten quiz został rozwiązany 27 razy
  • Średni wynik to 5 z 17
Statystyki odpowiedzi
Lata aktywności Państwo Piosenki Zespół lub artysta % Poprawnych
2006– We Are Never Ever Getting Back Together | Blank Space Taylor Swift
65%
1978– Africa | Hold the Line Toto
65%
1974–2023 What's Love Got to Do With It | Proud Mary Tina Turner
43%
2015– Sicko Mode | Goosebumps Travis Scott
43%
2009– Stressed Out | Heathens Twenty One Pilots
43%
1983– Everybody Wants to Rule the World | Shout Tears for Fears
35%
2017– You Broke Me First | Sports Car Tate McRae
30%
1965– It's Not Unusual | What's New Pussycat? Tom Jones
26%
1991–1996 California Love | Ambitionz Az a Ridah 2Pac
22%
1977–1991 Psycho Killer | Burning Down the House Talking Heads
22%
1992– No Scrubs | Waterfalls TLC
22%
2011– See You Again | Sticky Tyler, the Creator
22%
1994– Tribute | Beelzeboss (The Final Showdown) Tenacious D
9%
1976–2017 Free Fallin' | I Wont Back Down Tom Petty and the Heartbreakers
9%
1964– My Girl | Papa Was a Rollin' Stone The Temptations
4%
1986– Birdhouse in Your Soul | Istanbul (Not Constantinople) They Might be Giants
4%
1951–2023 I Left My Heart in San Francisco | Cheek to Cheek Tony Bennett
0%
Nie znaleziono quizów pasujących do podanych kryteriów
Rozkład punktacji
Procent ludzi z każdym wynikiem
Percentyl według liczby udzielonych odpowiedzi
Twoja historia wyników
Nie rozwiązałeś tego quizu